=LDR 00000nam 2200000 4500 =001 INLIS000000000035471 =005 20130612141326 =008 ***********************************ind** =035 ##$$0010-061300000035471 =041 ##$$a ind =082 ##$$a 813 =090 ##$$a 813, Far h =100 ##$$a Farmer, Nancy =245 ##$$a The house of the scarpion, Nancy farmer;penerjemah,abubakar balfaqih =260 ##$$a 2005 $b [Sl] =300 ##$$a 438 hlm, 20 cm =650 ##$$a Fiksi =700 ##$$a Bilfaqih, Abubakar =850 ##$$a NBPNMAT =990 ##$$a 0001/BPAP-NTB/20142015 =990 ##$$a 51005100 =990 ##$$a 01201805100 =990 ##$$a 0001/BPAP-NTB/20142015